[Event "Lazy Baltic Pearl op-A 21st"]
[Site "Lazy"]
[Date "2025.07.02"]
[Round "3"]
[White "Obrycki, Aleksander"]
[Black "Duda, Leon"]
[Result "0-1"]
[WhiteElo "1769"]
[BlackElo "1967"]
[PlyCount "96"]
[EventDate "2025.06.30"]
[EventType "swiss"]
[EventRounds "9"]
[EventCountry "POL"]
[SourceTitle "CB28_2025"]
[SourceDate "2025.07.09"]
[SourceVersion "1"]
[SourceVersionDate "2025.07.09"]
[SourceQuality "1"]

1. e4 c5 2. Nf3 Nc6 3. d4 cxd4 4. Nxd4 e5 5. Nb5 a6 6. Nd6+ Bxd6 7. Qxd6 Qe7 8. Qxe7+ Ngxe7 9. Nc3 Nb4 10. Kd1 d6 11. a3 Nbc6 12. Be3 Be6 13. Ke1 0-0 14. Rd1 Rad8 15. Nd5 Bxd5 16. exd5 Nb8 17. c4 Nd7 18. Bd3 f5 19. f3 Rb8 20. Ba7 Rbc8 21. Be3 e4 22. fxe4 fxe4 23. Be2 Ne5 24. b3 Nf5 25. Bd4 Nd3+ 26. Bxd3 Nxd4 27. Bxe4 Nxb3 28. Bd3 Rce8+ 29. Be2 Rf4 30. Rf1 Rxc4 31. Kf2 Rc2 32. Rfe1 Nc5 33. Kf1 Ra2 34. Bg4 Rf8+ 35. Kg1 Rxa3 36. Re7 a5 37. Be6+ Kh8 38. Rf1 Rxf1+ 39. Kxf1 g6 40. Re8+ Kg7 41. Rd8 Kf6 42. Rxd6 Ke7 43. Rb6 Rb3 44. Rxb3 Nxb3 45. Bg8 a4 46. Ke1 Kd6 47. Kd1 a3 48. Kc2 a2 0-1

[Event "Lazy Baltic Pearl op-A 21st"]
[Site "Lazy"]
[Date "2025.07.01"]
[Round "2"]
[White "Duda, Leon"]
[Black "Gasiorek, Dariusz"]
[Result "1-0"]
[WhiteElo "1967"]
[BlackElo "1845"]
[PlyCount "75"]
[EventDate "2025.06.30"]
[EventType "swiss"]
[EventRounds "9"]
[EventCountry "POL"]
[SourceTitle "CB28_2025"]
[SourceDate "2025.07.09"]
[SourceVersion "1"]
[SourceVersionDate "2025.07.09"]
[SourceQuality "1"]

1. e4 c5 2. Nf3 e6 3. d4 cxd4 4. Nxd4 a6 5. a3 Nf6 6. Nc3 Nc6 7. Be3 Be7 8. g4 d5 9. Bg2 0-0 10. h3 dxe4 11. Nxc6 bxc6 12. Nxe4 Nd5 13. Bd2 f5 14. gxf5 exf5 15. Nc3 Rb8 16. Nxd5 cxd5 17. Bc3 Be6 18. Qe2 Qb6 19. 0-0 Bf6 20. Bxf6 Rxf6 21. b3 f4 22. Qf3 Qc5 23. Rfe1 Qxc2 24. Rac1 Qxb3 25. Qxb3 Rxb3 26. Rc6 f3 27. Bf1 Bd7 28. Rc7 Re6 29. Rd1 Bc6 30. Bxa6 Rxa3 31. Bc8 Rg6+ 32. Kh1 Ra2 33. Re1 Re2 34. Rb1 Rxf2 35. Bd7 Rf6 36. Bxc6 d4 37. Rb8+ Rf8 38. Bd5+ 1-0

[Event "POL-chT U20 1st League"]
[Site "Chotowa"]
[Date "2025.06.17"]
[Round "4.50"]
[White "Niesporek, Franciszek"]
[Black "Duda, Leon"]
[Result "1/2-1/2"]
[WhiteElo "1943"]
[BlackElo "1909"]
[PlyCount "146"]
[EventDate "2025.06.14"]
[EventType "team-swiss"]
[EventRounds "9"]
[EventCountry "POL"]
[SourceTitle "CB26_2025"]
[SourceDate "2025.06.25"]
[SourceVersion "1"]
[SourceVersionDate "2025.06.25"]
[SourceQuality "1"]
[WhiteTeam "Ognisko Rydultowy"]
[BlackTeam "Gliwice Politechnika Slaska"]
[WhiteTeamCountry "POL"]
[BlackTeamCountry "POL"]

1. e4 c5 2. Nf3 Nc6 3. d4 cxd4 4. Nxd4 e5 5. Nb5 a6 6. Nd6+ Bxd6 7. Qxd6 Qe7 8. Qd1 d6 9. Nc3 Nf6 10. Bg5 Be6 11. Nd5 Bxd5 12. exd5 Nb8 13. Be2 Nbd7 14. 0-0 0-0 15. c4 a5 16. b3 h6 17. Be3 Nh7 18. f3 f5 19. Rc1 b6 20. a3 Nhf6 21. b4 axb4 22. axb4 f4 23. Bf2 e4 24. fxe4 Nxe4 25. Bd4 Ra3 26. Bg4 Ne5 27. Be6+ Kh8 28. Qh5 Ng5 29. c5 bxc5 30. bxc5 Ra5 31. Rcd1 Kh7 32. Rfe1 f3 33. cxd6 f2+ 34. Bxf2 Qxd6 35. Bg3 Qb6+ 36. Kh1 Ng6 37. Qe2 Re8 38. Qc4 Nxe6 39. Rxe6 Rxe6 40. dxe6 Ra8 41. Qe4 Re8 42. Re1 Qb5 43. h4 Qh5 44. Ra1 Kg8 45. Ra8 Ne7 46. Rxe8+ Qxe8 47. Bd6 Nc8 48. Bc5 Ne7 49. Qe5 Ng6 50. Qe4 Ne7 51. Qd3 Ng6 52. Qd7 Qa8 53. Qf7+ Kh7 54. Qf5 Qa4 55. Bf2 Qa1+ 56. Kh2 Qe5+ 57. Qxe5 Nxe5 58. e7 Ng4+ 59. Kg3 Nf6 60. Bd4 Ne8 61. Kf4 Kg6 62. Ke5 Kf7 63. Bc5 Nf6 64. Ba3 Ng8 65. Kf5 g6+ 66. Ke5 Nxe7 67. Bxe7 Kxe7 68. g4 Kf7 69. Kd6 Kf6 70. Kd5 Ke7 71. Ke5 Kf7 72. g5 hxg5 73. hxg5 Ke7 1/2-1/2

[Event "Lazy Baltic Pearl op-A 20th"]
[Site "Lazy"]
[Date "2024.06.30"]
[Round "7"]
[White "Duda, Leon"]
[Black "Chmiel, Dominika"]
[Result "1-0"]
[WhiteElo "1870"]
[BlackElo "1966"]
[PlyCount "71"]
[EventDate "2024.06.24"]
[EventType "swiss"]
[EventRounds "9"]
[EventCountry "POL"]
[SourceTitle "CBM 220 Extra"]
[Source "ChessBase"]
[SourceDate "2024.07.31"]
[SourceVersion "1"]
[SourceVersionDate "2024.07.31"]
[SourceQuality "1"]

1. e4 e5 2. Nf3 Nc6 3. Bc4 Bc5 4. c3 Nf6 5. d4 exd4 6. e5 d5 7. Be2 Ne4 8. cxd4 Bb6 9. 0-0 0-0 10. Nc3 Bg4 11. Be3 f6 12. Rc1 Nxc3 13. bxc3 Bxf3 14. Bxf3 fxe5 15. dxe5 Bxe3 16. fxe3 Kh8 17. Qxd5 Qg5 18. e6 Qxe3+ 19. Kh1 Rfe8 20. Rfe1 Qf4 21. Qb3 Ne5 22. Qxb7 Nd3 23. e7 Nxe1 24. Rxe1 Qd2 25. Rd1 Qe3 26. Qxa8 Qxe7 27. Qxa7 Qh4 28. Qd4 Qe7 29. h3 h6 30. a4 c5 31. Qd7 Qe3 32. a5 Rf8 33. Qd3 Qf2 34. a6 Qa2 35. Qd6 Re8 36. Qd7 1-0

[Event "Lazy Baltic Pearl op-A 20th"]
[Site "Lazy"]
[Date "2024.06.27"]
[Round "4"]
[White "Duda, Leon"]
[Black "Musial, Patryk"]
[Result "0-1"]
[WhiteElo "1870"]
[BlackElo "1786"]
[PlyCount "72"]
[EventDate "2024.06.24"]
[EventType "swiss"]
[EventRounds "9"]
[EventCountry "POL"]
[SourceTitle "CBM 220 Extra"]
[Source "ChessBase"]
[SourceDate "2024.07.31"]
[SourceVersion "1"]
[SourceVersionDate "2024.07.31"]
[SourceQuality "1"]

1. e4 e6 2. d3 c5 3. g3 d5 4. Nd2 Nc6 5. Bg2 Nf6 6. Ne2 Be7 7. 0-0 h5 8. h3 Qc7 9. f4 d4 10. Nf3 b6 11. c3 dxc3 12. bxc3 c4 13. Ned4 Nxd4 14. cxd4 c3 15. Qc2 Bd7 16. a4 Rc8 17. Ba3 a6 18. Bxe7 Kxe7 19. Rfc1 b5 20. axb5 axb5 21. Qb3 h4 22. Nxh4 Nh5 23. e5 Nxg3 24. Kf2 Nh5 25. Ke3 Nxf4 26. Nf5+ exf5 27. Qb4+ Ke8 28. Kxf4 Rh4+ 29. Kf3 Qxe5 30. Re1 Rf4+ 31. Kg3 Re4+ 32. Kf2 Qf4+ 33. Kg1 Re6 34. Rec1 Re2 35. Rf1 Rxg2+ 36. Kxg2 Bc6+ 0-1

[Event "POL-chT U20 2nd League"]
[Site "Sypniewo"]
[Date "2020.??.??"]
[Round "3.27"]
[White "Lochinski, Pawel"]
[Black "Duda, Leon"]
[Result "1/2-1/2"]
[WhiteElo "1426"]
[BlackElo "1388"]
[PlyCount "80"]
[EventDate "2020.10.23"]
[EventType "team-swiss"]
[EventRounds "9"]
[EventCountry "POL"]
[SourceTitle "CBM 199 Extra"]
[Source "ChessBase"]
[SourceDate "2021.01.31"]
[SourceVersion "1"]
[SourceVersionDate "2021.01.31"]
[SourceQuality "1"]

1. e4 c5 2. Nf3 Nc6 3. Bb5 d6 4. 0-0 Nf6 5. Re1 Bd7 6. c3 g6 7. Bxc6 Bxc6 8. e5 dxe5 9. Nxe5 Bg7 10. Nxc6 bxc6 11. d3 0-0 12. Be3 Qb6 13. b4 Nd7 14. Qc2 a5 15. bxc5 Nxc5 16. d4 Nd7 17. Nd2 Qc7 18. Rab1 c5 19. d5 c4 20. Bg5 Nf6 21. Bxf6 Bxf6 22. Ne4 Be5 23. g3 Rfd8 24. Red1 Rd7 25. Rb5 Rad8 26. Qa4 h6 27. Rc5 Qb7 28. Qxc4 f5 29. d6+ Kg7 30. Rxe5 fxe4 31. Qxe4 Qxe4 32. Rxe4 exd6 33. Ra4 Rc8 34. c4 Kf6 35. Rd5 Ke6 36. Rd4 Rc5 37. f4 Rb7 38. Rd2 Rb4 39. Rxb4 axb4 40. Rc2 Kf5 1/2-1/2